01753nam a2200277 i 4500001001000000003000900010005001700019007000300036008004100039040003000080041000800110082002400118100005300142245006900195264013600264300002800400336002700428337003300455338002800488490003300516504003900549505076800588600006801356650002401424650002701448000002176DO-SdBNP20260306125138.0ta090701s1986 dr r 000 p spa d aDO-SdBNPbspacBNPHUerda aspa 4aRD861.44bM632c2221 aMieses Burgos, Franklin,d1907-1976eautor4aut.10aClima de eternidad :bobras completas /cFranklin Mieses Burgos. 1aSantiago de los Caballeros, República Dominicana :bUniversidad Católica Madre y Maestra. Departamento de Publicaciones,c1986. a340 páginas ;c23 cm. ardacontentbtexto2txt ardamediabsin mediación2n ardacarrierbvolumen2nc0 aColección Contemporáneos aBibliografía: páginas 337-340.2 aEl genio mitológico de Mieses Burgos / Antonio Fernández Spencer -- Un aspecto de la poesía de Franklin Mieses Burgos / Freddy Gatón Arce (1952) -- El sembrador de voces / Federico Henríquez Grateraux -- Franklin Mieses Burgos (1907) / Manuel Rueda (1972) -- Torres de voces (1929- 1936) -- Gaviotas enterradas (1936-1940) -- Propiedad del recuerdo (1940-1942) -- Trópico íntimo (1930-1943) -- Sin mundo va y herido por el cielo (1943-) -- Clima de eternidad (1944 ) -- 12 Sonetos y una canción a la rosa (1945-1947) -- Seis cantos para una sola muerte (1947-1948) -- Presencia de los días (1948-1950) -- Donisio vulnerado (1949-1950) -- El ángel destruido (1950-1952)-- Júbilo de ser (1952-1954) -- Al oido de Dios (1954-1960) -- El héroe10aMieses Burgos, Franklin,d1907-1976xCritica e interpretación 4aPoesía dominicana 4aLiteratura dominicana.